000 00937cam a2200289 a 4500
001 000017456
005 20200929165123.0
008 830104s1970 sp 000 0 spa d
015 _aSp
040 _aDO-SdBNP
_bspa
_cDLC
_dBNPHU
082 _aG863.4
_bA859Le
100 1 _aAsturias, Miguel Ángel,
_d1899-1974
_95391
245 1 0 _aLeyendas de Guatemala /
_cMiguel Ángel Asturias ; prólogo de Jorge Campos.
260 _aMadrid :
_bSalvat ;
_bAlianza,
_c1970.
300 _a168 p. ;
_c19 cm.
490 1 _aBiblioteca básica Salvat
490 1 _aLibro RTV
_v50
650 4 _aCuentos guatemaltecos
_915066
650 4 _aLiteratura guatemalteca
_95393
650 4 _aLeyendas guatemaltecas
_932692
650 4 _aAnimales
_xCuentos y leyendas
_915612
700 1 _aCampos, Jorge,
_epról.
_93499
830 0 _aBiblioteca básica Salvat.
_pLibro RTV;
_v50
_938169
910 _aCatalogación derivada
910 _aWM
049 _aBNGR
999 _c16981
_d16981